00427nam a22001577a 4500003000800000005001700008008004100025020001500066040001700081041000800098082001300106100001900119245006800138260004400206300001900250IBSLLIB20260509062505.0260509b |||||||| |||| 00| 0 eng d a0671864866 aISBLLIBbeng hEng a291bWEI aWeiss , David  aSacred And Profane : bA Novel of the life and times of Mozart  aLondon : bHodder And Stoughton ,c1968 a639 p ;c25 cm